Films avec Samuel L. Jackson par images - Statistiques

Statistiques générales
  • Ce quiz a été pris 175 fois
  • Le résultat moyen est 7 sur 16
Statistiques - réponses
Par images Réponse % Correct
Star Wars - Épisode III : La Revanche des Sith
95%
Pulp Fiction
92%
Django Unchained
83%
Avengers
82%
Une journée en enfer
69%
Les 8 Salopards
55%
Incassable
43%
Kingsman - Services secrets
43%
Coach Carter
38%
Jurassic Park
36%
Miss Peregrine et les enfants particuliers
27%
Jackie Brown
22%
Négociateur
6%
Black Snake Moan
4%
Basic
3%
Do the Right Thing
3%
Aucun quiz correspondant
Distribution des résultats
% des personnes avec chaque résultat
Percentile par nombre de réponses
Votre historique - résultats
Vous n’avez pas pris ce quiz